书目信息 |
| 题名: |
杜威
|
|
| 作者: | 塔利斯 著 | |
| 分册: | ||
| 出版信息: | 北京 中华书局 2002 |
|
| 页数: | 95页 | |
| 开本: | 20cm | |
| 丛书名: | ||
| 单 册: | ||
| 中图分类: | B712.51 | |
| 科图分类: | ||
| 主题词: | 哲学--美洲 | |
| 电子资源: | ||
| ISBN: | 7-101-03245-1 | |
| 000 | 00521nam0 2200193 450 | |
| 001 | 2639070743 | |
| 005 | 20260414105246.68 | |
| 010 | @a7-101-03245-1@dCNY8.00 | |
| 100 | @a20260414d2002 km y0chiy0120 ea | |
| 101 | 0 | @achi |
| 102 | @aCN@b110000 | |
| 200 | 1 | @a杜威@ADu Wei@f塔利斯著@FTa Li Si Zhu |
| 210 | @a北京@c中华书局@d2002 | |
| 215 | @a95页@d20cm | |
| 606 | 0 | @a哲学@x美洲 |
| 690 | @aB712.51@v4 | |
| 701 | 0 | @a塔利斯@ATa Li Si@4著 |
| 801 | 0 | @aCN@b大连网信软件有限公司图书馆·11@c20260414 |
| 905 | @aZUCC@dB712.51@e64 | |
| 杜威/塔利斯著.-北京:中华书局,2002 |
| 95页;20cm |
| ISBN 7-101-03245-1:CNY8.00 |
| ● |
| 相关链接 |
|
|
|
|
正题名:杜威
索取号:B712.51/64
 
预约/预借
| 序号 | 登录号 | 条形码 | 馆藏地/架位号 | 状态 | 备注 |
| 1 | 1442550 | 214425503 | 第一样本阅览室/ [索取号:B712.51/64] | 在馆 |